000 00696 a2200205 4500
001 59963
005 20260407155852.0
008 260407a1967 arg spa d
003 AR-UNSa-BCEJYS
040 _aAR-UNSa-BCEJYS
_bspa
_cAR-UNSa-BCEJYS
080 _a342
_xDerecho constitucional (Derecho Público)
245 1 0 _aEl derecho constitucional del poder
264 1 _aBuenos Aires :
_bEDIAR
_c1967
300 _a2 v. (425 ; 476 p.)
_c23 cm.
505 _aVol. I: El derecho constitucional del poder comparado. El Congreso -- Vol. II: El Poder Ejecutivo. El Poder Judicial
041 _aspa
942 _cBK
590 _aniveau_biblio:m niveau_hierar:0
100 1 _aBidart Campos, German J.
999 _c6859
_d6859